000 00660nam a2200217 u 4500
005 20240913064036.0
008 130422s2006 es r 000 0 spa d
020 _a9709705172
035 _aUPN01000190738
049 _aI
050 4 _aPZ8.9
_bW4.6
100 1 _aWillis, Jeanne
_933709
245 1 0 _aOdio la escuela /
_cJeanne Willis ; il. Tony Ross.
260 _aBarcelona, Esp. :
_bRBA :
_bSerres,
_c2006.
300 _a[26] p. :
_bprincipalmente il. col.
534 _pTítulo original:
_tA hate school
650 4 _aCuentos infantiles ingleses
_910002
650 2 _aEscuelas
_vLiteratura infantil
_922046
905 _aInfantil
999 _c162841
_d162841